It looks like you're offline.
Open Library logo
additional options menu

MARC record from Internet Archive

LEADER: 01839cam 2200505 i 4500
001 ocm03120999
003 OCoLC
005 20160212012746.0
008 770623s1978 maua 000 0 eng
010 $a 77024305
040 $aDLC$beng$cDLC$dIJV$dBAKER$dGC0$dBTCTA$dLVB$dYDXCP$dOCLCO$dJYJ$dOCLCF$dOCLCQ
019 $a35180027
020 $a0316542334
020 $a9780316542333
020 $a0316542377
020 $a9780316542371
035 $a(OCoLC)3120999$z(OCoLC)35180027
042 $alcac
050 00 $aHQ770.5$b.M3
070 0 $aHQ770.5.M3$b1978
082 00 $a649/.6
100 1 $aMack, Alison.
245 10 $aToilet learning :$bthe picture book technique for children and parents /$cby Alison Mack ; pictures by George C. Phillips ; foreword by Paul L. Adams.
250 $a1st ed.
260 $aBoston :$bLittle, Brown,$c℗♭1978.
300 $a109 pages :$billustrations ;$c25 cm
336 $atext$btxt$2rdacontent
337 $aunmediated$bn$2rdamedia
338 $avolume$bnc$2rdacarrier
520 $aIncludes separate discussions for parents and children about the whys and hows of using the toilet.
650 0 $aToilet training.
650 1 $aToilet training.
650 6 $aE ducation a la proprete
650 7 $aToilet training.$2fast$0(OCoLC)fst01152152
700 1 $aPhillips, George C.
938 $aBaker & Taylor$bBKTY$c12.95$d9.71$i0316542377$n0000765838$sactive
938 $aBaker and Taylor$bBTCP$n77024305
938 $aYBP Library Services$bYANK$n206213
952 $a3120999$zDLC$hFull$iLCC$kDDC$nSummary$plcac$u20140724
952 $a131631792$zJTC$bSHASTA PUB LIBR$hFull$iLCC$kDDC$nSummary$u20100727
029 1 $aAU@$b000000950682
029 1 $aNZ1$b3682285
029 1 $aUNITY$b084289732
994 $aZ0$bPMR
948 $hNO HOLDINGS IN PMR - 647 OTHER HOLDINGS